Top 20 des jeux vidéo sur console les plus vendus de tous les temps - Statistiques

Statistiques générales
  • Ce quiz a été pris 49 fois
  • Le résultat moyen est 5 sur 20
Statistiques - réponses
Nombre de ventes Jeu % Correct
68 M Mario Kart 8 Deluxe
74%
215 M Grand Theft Auto V
72%
312 M Minecraft
70%
99 M Super Mario Bros
39%
76 M Super Mario Bros. Wonder
39%
40 M Pokémon Diamant/Perle/Brillant/Diamant Étincelant
35%
64,2 M Pokémon Rouge/Bleu/Jaune
35%
27 M Grand Theft Auto: San Andreas
24%
70 M Tetris
24%
40 M FIFA 22
22%
45,6 M Animal Crossing: New Horizons
17%
82,9 M Wii Sports
13%
30 M The Elder Scrolls V: Skyrim
9%
34 M The Legend of Zelda: Breath of the Wild
9%
14,5 M Halo 3
7%
65,8 M Red Dead Redemption 2
7%
98,3 M Call of Duty: Modern Warfare II
4%
45 M Super Mario World
4%
112 M PUBG
2%
35 M Terraria
0%
Aucun quiz correspondant
Distribution des résultats
% des personnes avec chaque résultat
Percentile par nombre de réponses
Votre historique - résultats
Vous n’avez pas pris ce quiz